Countries With The Most Car Accidents - Statistics

General Stats
  • This quiz has been taken 81 times
  • The average score is 12 of 16
Answer Stats
# Country % Correct
1,949,000 United States
100%
123,212 United Kingdom
94%
56,006 France
91%
300,143 Germany
91%
104,080 Spain
90%
172,183 Italy
83%
30,288 Poland
83%
105,791 Canada
80%
37,213 Portugal
79%
37,699 Belgium
70%
19,046 The Netherlands
70%
26,052 Ukraine
67%
35,736 Austria
64%
174,896 Turkey
60%
31,146 Romania
59%
20,806 Czech Republic
50%
No matching quizzes found
Score Distribution
Percent of People with Each Score
Percentile by Number Answered
Your Score History
You have not taken this quiz